Najmniejsze województwa według powierzchni - Statystyki

Ogólne statystyki
  • Ten quiz został rozwiązany 89 razy
  • Średni wynik to 5 z 6
Statystyki odpowiedzi
Powierzchnia
/ km²
Województwo % Poprawnych
9412 Opolskie
93%
13 988 Lubuskie
88%
11 710 Świętokrzyskie
81%
12 333 Śląskie
79%
15 183 Małopolskie
58%
17 846 Podkarpackie
52%
Nie znaleziono quizów pasujących do podanych kryteriów
Rozkład punktacji
Procent ludzi z każdym wynikiem
Percentyl według liczby udzielonych odpowiedzi
Twoja historia wyników
Nie rozwiązałeś tego quizu